[Event "BL2-Nord 0102"]
[Site "Germany"]
[Date "2001.11.11"]
[Round "2.6"]
[White "Dyballa, Markus"]
[Black "Schirm, Friedmar"]
[Result "0-1"]
[WhiteElo "2371"]
[BlackElo "2302"]
[PlyCount "118"]
[EventDate "2001.10.07"]
[EventType "team-tourn"]
[EventRounds "9"]
[EventCountry "GER"]
[SourceTitle "CBM 088 Extra"]
[Source "ChessBase"]
[SourceDate "2002.07.01"]
[SourceVersion "2"]
[SourceVersionDate "2002.07.01"]
[SourceQuality "1"]
[WhiteTeam "Kreuzberg"]
[BlackTeam "Neukloster"]
[WhiteTeamCountry "GER"]
[BlackTeamCountry "GER"]

1. d4 Nf6 2. c4 g6 3. Nc3 d5 4. cxd5 Nxd5 5. e4 Nxc3 6. bxc3 Bg7 7. Bb5+ c6 8. Ba4 b5 9. Bb3 a5 10. Ne2 Nd7 11. Be3 a4 12. Bc2 Nb6 13. Bd3 0-0 14. h4 Be6 15. h5 Bc4 16. hxg6 fxg6 17. Bh6 Bxh6 18. Rxh6 e5 19. Qd2 Bxd3 20. Qxd3 Rxf2 21. Rxg6+ hxg6 22. Kxf2 Qf6+ 23. Kg1 Rf8 24. Qg3 Nc4 25. Rd1 Kg7 26. dxe5 Nxe5 27. Nd4 Kh7 28. Qh3+ Kg8 29. Qg3 Qf4 30. Qxf4 Rxf4 31. Re1 Kf7 32. Re3 Ke7 33. g3 Rf8 34. Kg2 Rb8 35. Re2 c5 36. Nf3 Kf6 37. Rc2 Nxf3 38. Kxf3 b4 39. cxb4 cxb4 40. Ke3 b3 41. axb3 axb3 42. Rb2 Ke5 43. Kd3 g5 44. g4 Rb7 45. Ke3 Rb6 46. Kd3 Rb4 47. Kc3 Rxe4 48. Kxb3 Rxg4 49. Rc2 Rd4 50. Kc3 Rd8 51. Rf2 g4 52. Rf7 Ke4 53. Rf6 g3 54. Rg6 Kf3 55. Kc4 g2 56. Rf6+ Ke2 57. Rg6 Kf2 58. Rf6+ Kg1 59. Rg6 Rh8 0-1

[Event "BL2-Nord 0001"]
[Site "Germany"]
[Date "2001.02.18"]
[Round "6.6"]
[White "Heinig, Wolfram"]
[Black "Schirm, Friedmar"]
[Result "1/2-1/2"]
[WhiteElo "2294"]
[BlackElo "2303"]
[PlyCount "118"]
[EventDate "2000.10.15"]
[EventType "team-tourn"]
[EventRounds "9"]
[EventCountry "GER"]
[SourceTitle "CBM 082 Extra"]
[Source "ChessBase"]
[SourceDate "2001.07.03"]
[SourceVersion "1"]
[SourceVersionDate "2001.07.03"]
[SourceQuality "1"]
[WhiteTeam "Zehlendorf"]
[BlackTeam "Neukloster"]
[WhiteTeamCountry "GER"]
[BlackTeamCountry "GER"]

1. c4 Nf6 2. Nc3 c5 3. Nf3 Nc6 4. d4 cxd4 5. Nxd4 g6 6. e4 Bg7 7. Be3 d6 8. Be2 0-0 9. 0-0 Bd7 10. Rc1 Nxd4 11. Bxd4 Bh6 12. f4 e5 13. fxe5 Bxc1 14. Qxc1 dxe5 15. Bxe5 Ne8 16. Nd5 f6 17. Bc3 Be6 18. Qf4 Rc8 19. h4 b5 20. b3 bxc4 21. Bxc4 Bxd5 22. exd5 Nd6 23. Bxf6 Qb6+ 24. Kh2 Nxc4 25. bxc4 Rxf6 26. Qxf6 Qxf6 27. Rxf6 Rxc4 28. Kg3 Ra4 29. Rf2 Rd4 30. Rb2 Rxd5 31. Rb8+ Kf7 32. Rb7+ Kf6 33. Rxa7 h5 34. Ra3 Rd2 35. Rf3+ Ke5 36. a3 Ra2 37. Rb3 Ke4 38. Rb4+ Kf5 39. Rb5+ Kf6 40. Ra5 Kg7 41. Ra6 Kf7 42. Kf3 Kg7 43. a4 Ra3+ 44. Kf4 Ra2 45. g3 Rf2+ 46. Ke4 Rg2 47. Kf3 Ra2 48. a5 Ra4 49. Ra8 Ra3+ 50. Kf4 Ra4+ 51. Ke5 Rg4 52. a6 Rxg3 53. Ra7+ Kh6 54. Rb7 Ra3 55. a7 g5 56. Rb6+ Kg7 57. Rb7+ Kg6 58. Rb6+ Kg7 59. Rb7+ Kg6 1/2-1/2

[Event "Bad Zwesten op 5th"]
[Site "Bad Zwesten"]
[Date "2001.01.05"]
[Round "6"]
[White "Schirm, Friedmar"]
[Black "Mueller, Burkhard"]
[Result "1/2-1/2"]
[WhiteElo "2303"]
[BlackElo "2141"]
[PlyCount "106"]
[EventDate "2001.01.02"]
[EventType "swiss"]
[EventRounds "7"]
[EventCountry "GER"]
[SourceTitle "EXT 2002"]
[Source "ChessBase"]
[SourceDate "2001.11.25"]
[SourceVersion "1"]
[SourceVersionDate "2001.11.25"]
[SourceQuality "1"]

1. Nf3 Nf6 2. c4 g6 3. Nc3 Bg7 4. e4 d6 5. d4 0-0 6. Be2 Nc6 7. d5 Nb8 8. 0-0 e5 9. Ne1 Ne8 10. Nd3 f5 11. f3 f4 12. c5 g5 13. Bd2 Nd7 14. cxd6 cxd6 15. Rc1 Ndf6 16. Nf2 Rf7 17. Nb5 h5 18. h3 Bf8 19. Rc3 Rg7 20. a4 a6 21. Na3 Bd7 22. a5 Rc8 23. Nc4 Bb5 24. Qb3 Nd7 25. Rfc1 Nef6 26. Qd1 Ne8 27. Be1 Ndf6 28. Nb6 Rxc3 29. Rxc3 Bxe2 30. Qxe2 Rc7 31. Nd3 Nd7 32. Bf2 Rxc3 33. bxc3 Qc7 34. Qc2 Nef6 35. c4 g4 36. hxg4 hxg4 37. Kf1 Nxb6 38. axb6 Qh7 39. Ne1 Qh1+ 40. Bg1 Nh5 41. fxg4 Ng3+ 42. Kf2 Qh4 43. Kf3 Nf1 44. Bf2 Nh2+ 45. Ke2 Qxg4+ 46. Kd3 f3 47. gxf3 Nxf3 48. Qe2 Nxe1+ 49. Qxe1 Qf3+ 50. Qe3 Qd1+ 51. Qd2 Qb3+ 52. Qc3 Qd1+ 53. Qd2 Qb3+ 1/2-1/2